00613nam a2200169 i 450000100060000000300090000600500170001500700030003200800410003510000490007624500850012526000300021030000320024085200320027299900170030495201220032141696ES-MaACL20230906160457.0t|030311s1963 sp ||||1| spa d1 aCasanova de Párraga, Diego Antonio.93611213aEl Almanzora b: (evocación de un río) / cDiego Antonio Casanova Párraga. aMadrid : b[s.n., c1963] a87 p., 25 lám. ; c24 cm. aES-MaACLjC-24788 bR.53395 c41696d41696 00104070aATENEOMbATENEOMcDEPO2d2008-01-17eSCl0oC-24788p1043895r2023-02-23 00:00:00w2023-02-23yMONOGRAFIA